书目信息 |
| 题名: |
张居正
|
|
| 作者: | 张居正 原典 ;东方夫子 编著 | |
| 分册: | ||
| 出版信息: | 北京 人民日报出版社 2015 |
|
| 页数: | 230页 | |
| 开本: | 24cm | |
| 丛书名: | ||
| 单 册: | ||
| 中图分类: | K827=48 , K827 | |
| 科图分类: | ||
| 主题词: | ||
| 电子资源: | ||
| ISBN: | 978-7-5115-3303-6 | |
| 000 | 01378nam0 2200253 450 | |
| 001 | 1670481375 | |
| 005 | 20151126174116.0 | |
| 010 | @a978-7-5115-3303-6@dCNY39.80 | |
| 100 | @a20151126d2015 em y0chiy50 ea | |
| 101 | 0 | @achi |
| 102 | @aCN@b110000 | |
| 105 | @ay z 000yd | |
| 106 | @ar | |
| 200 | 1 | @a张居正@9zhang ju zheng@e[做人谋事之道]@e经典珍藏版@f(明)张居正原典@g东方夫子编著 |
| 210 | @a北京@c人民日报出版社@d2015 | |
| 215 | @a230页@d24cm | |
| 330 | @a《张居正》从张居正的成才、待人、任事、为官、育人、用人、改革多个层面入手深入分析,总结了张居正一生为官与做人的处世之道,再现了张居正这位著名政治家改革家的谋略和智慧。本书对张居正一生中做人谋事的智慧加以研究,融合现代社会成功人士的经验,与所有有志于成就大事的人共享。做人——张居正一生周旋于各色人等之间,精于揣摩人性、把握人心。无论是识人、择人、用人,还是管人、防人、制人,都用心研究,因此能够将各式人才牢牢控制在掌股之间,为他成就大事打下坚实的人力基础。谋事——如果做事不用方法,不讲策略,而只是揣着一厢情愿的想法,且不说谋大事成大业,恐怕就连社会上立足都很困难。张居正既善于琢磨人,也善于琢磨事,从而对职场的各种变局了然于心,能屈能伸,可方可圆,进退自如。 | |
| 517 | 1 | @a做人谋事之道@9zuo ren mou shi zhi dao |
| 600 | 0 | @a张居正@f(1525-1582)@x人物研究 |
| 690 | @aK827=48@v5 | |
| 690 | @aK827@v4 | |
| 701 | 0 | @c(明)@a张居正@9zhang ju zheng@4原典 |
| 702 | 0 | @a东方夫子@9dong fang fu zi@4编著 |
| 905 | @aBZT@dK827@e294 | |
| 张居正:[做人谋事之道]:经典珍藏版/(明)张居正原典/东方夫子编著.-北京:人民日报出版社,2015 |
| 230页;24cm |
| ISBN 978-7-5115-3303-6:CNY39.80 |
| 《张居正》从张居正的成才、待人、任事、为官、育人、用人、改革多个层面入手深入分析,总结了张居正一生为官与做人的处世之道,再现了张居正这位著名政治家改革家的谋略和智慧。本书对张居正一生中做人谋事的智慧加以研究,融合现代社会成功人士的经验,与所有有志于成就大事的人共享。做人——张居正一生周旋于各色人等之间,精于揣摩人性、把握人心。无论是识人、择人、用人,还是管人、防人、制人,都用心研究,因此能够将各式人才牢牢控制在掌股之间,为他成就大事打下坚实的人力基础。谋事——如果做事不用方法,不讲策略,而只是揣着一厢情愿的想法,且不说谋大事成大业,恐怕就连社会上立足都很困难。张居正既善于琢磨人,也善于琢磨事,从而对职场的各种变局了然于心,能屈能伸,可方可圆,进退自如。 |
| ● |
| 相关链接 |
|
|
|
正题名:张居正
索取号:K827/294
 
预约/预借
| 序号 | 登录号 | 条形码 | 馆藏地/架位号 | 状态 | 备注 |
| 1 | 815034 | 2000815034 | 第二书库/ [索取号:K827/294] | 在馆 | |
| 2 | 815035 | 2000815035 | 第二书库/ [索取号:K827/294] | 在馆 | |
| 3 | 815036 | 2000815036 | 第二书库/ [索取号:K827/294] | 在馆 |